000 00443nam a2200181Ia 4500
008 230524s9999 xx 000 0 und d
020 _a9780074623503
082 _a621.39
_bRAM
100 _aBadri Ram
245 0 _aPower System Protection and Switchgear
250 _a1ST
260 _aNEW DELHI
_bTMH
_c2004
300 _aXI;453
500 _aQuantity Number: 28
650 _aElectrical
700 _a B.N.Vishwakarma
942 _cBK
999 _c33712
_d33712